000 00540nam a22001577a 4500
008 160516b xxu||||| |||| 00| 0 eng d
020 _a0-07-295708-5
082 _22005
_aDC 658.4
_bC81
100 _98326
_aChew, Donald H.
_bJr.
245 _aCorporate governance at the crossroads:
_ba book of readings/
_cedited by Donald H. Chew, Jr. and Stuart L. Gillan.
260 _aBoston:
_bMcGraw-Hill,
_cc2005.
300 _axvi, 512 pages;
_c23 cm.
650 0 _98331
_aCorporate governance.
700 _98328
_aGillan, Stuart L.
942 _2ddc
_cDC
999 _c2521
_d2521